[Event "Olimpiade 2014 - Isole Vergini"]
[Site "Tromsø"]
[Date "06.08.2014"]
[Round "5.2"]
[White "Massana, Jorge"]
[Black "Dalliah, Joseph"]
[Result "1/2-1/2"]
[WhiteElo "2180"]
[BlackElo "2060"]
[PlyCount "119"]
[EventDate "2014.08.02"]
[WhiteTeam "US Virgin Isles"]
[BlackTeam "Gambia"]
[BlackTeamCountry "GAM"]

1. e4 e5 2. Nf3 d6 3. d4 exd4 4. Nxd4 Nf6 5. Nc3 Be7 6. Bc4 a6 7. a4 c5 8. Nde2
Nc6 9. O-O Ne5 10. Ba2 Qc7 11. f4 Ng6 12. f5 Ne5 13. Nf4 Bd7 14. h3 Bc6 15. Qe2
O-O-O 16. Bd2 g6 17. fxg6 hxg6 18. Nfd5 Nxd5 19. Bxd5 Rdf8 20. Bf4 Kb8 21. Bxe5
dxe5 22. Rxf7 Rxf7 23. Bxf7 Qb6 24. b3 c4+ 25. Kh2 Bg5 26. Bxc4 Bd7 27. Nd5
Bf4+ 28. Nxf4 exf4 29. e5 Bf5 30. Rf1 g5 31. e6 Qc7 32. Kg1 Qc5+ 33. Qf2 Qd6
34. Re1 g4 35. e7 Re8 36. Qe2 Qd4+ 37. Kh1 gxh3 38. Qe5+ Qxe5 39. Rxe5 hxg2+
40. Kxg2 Bg6 41. Bd3 Bf7 42. Kf3 Kc7 43. Kxf4 Kd6 44. a5 Be6 45. Bg6 Rxe7 46.
Bf5 Bxf5 47. Rxe7 Kxe7 48. Kxf5 Kd6 49. Ke4 Kc5 50. c4 (50. c3 Kb5 51. Kd5 Kxa5
52. Kc5 b6+ (52... b5 53. b4+ Ka4 54. Kb6 Kb3 55. Kxa6 Kxc3 56. Kxb5) 53. Kc4
b5+ 54. Kc5 b4 55. cxb4#) (50. Kd3 Kb4 (50... Kb5 51. Kd4 Kb4 52. Kd5 Kxa5 (
52... Kc3 53. Kc5 $1 Kxc2 54. Kb6 Kxb3 55. Kxb7 Kb4 56. Kxa6) 53. Kc5) 51. Kd4
Kxa5 52. Kc5 b6+ (52... b5 53. c3 b4 54. cxb4#) 53. Kc4 b5+ 54. Kc5 b4 55. Kc4)
50... Kb4 51. Kd5 Kxb3 52. c5 Kb4 53. c6 bxc6+ 54. Kxc6 Kxa5 55. Kc5 Ka4 56.
Kc4 Ka3 57. Kc3 a5 58. Kc2 Ka2 59. Kc1 a4 60. Kc2 1/2-1/2

[Event "Olimpiade 2014 - Isole Vergini"]
[Site "Tromsø"]
[Date "09.08.2014"]
[Round "7.1"]
[White "Van Rensselaer, William"]
[Black "Kabera, Godfrey"]
[Result "1/2-1/2"]
[WhiteElo "1908"]
[BlackElo "1909"]
[PlyCount "178"]
[EventDate "2014.08.02"]
[WhiteTeam "US Virgin Isles"]
[BlackTeam "Rwanda"]
[BlackTeamCountry "RWA"]

1. d4 d5 2. Nf3 Nf6 3. Bf4 e6 4. e3 Nbd7 5. Bd3 b6 6. Nbd2 Bb7 7. c3 Be7 8. Ne5
a6 9. h3 h6 10. O-O O-O 11. Bh2 Nxe5 12. dxe5 Nd7 13. Qh5 Nc5 14. Bc2 Bc6 15.
f4 Be8 16. Qg4 Bb5 17. Rfd1 Bd7 18. Nf3 b5 19. Nd4 f5 20. exf6 Bxf6 21. Qg6 Be8
22. Qh7+ Kf7 23. b4 Na4 24. Bxa4 bxa4 25. f5 exf5 26. Qxf5 Qd7 27. Qxd7+ Bxd7
28. Bxc7 Rfc8 29. Bd6 Rxc3 30. Kf2 Re8 31. Re1 Bg5 32. Bf4 Bh4+ 33. g3 Bf6 34.
Rac1 Rec8 35. Rxc3 Rxc3 36. Bd6 Bxh3 37. Re2 Bg4 38. Rd2 Bg5 39. Bf4 Bf6 40.
Bd6 Bd7 41. Ne2 Rc6 42. Bc5 Be6 43. Nf4 a5 44. Nxd5 Bxd5 45. Rxd5 axb4 46. Bxb4
Rc2+ 47. Rd2 Rxd2+ 48. Bxd2 a3 49. Kf3 Ke6 50. Ke4 h5 51. Bb4 Bb2 52. Bc5 g5
53. Bb4 h4 54. g4 h3 55. Kf3 Kd5 56. Be7 h2 57. Kg2 Ke4 58. Bxg5 h1=Q+ 59. Kxh1
Kf3 60. Be7 Kxg4 61. Kg2 Kf5 62. Kf3 Ke6 63. Bf8 Kd5 64. Ke2 Bc1 65. Kd3 Ke5
66. e4 Ke6 67. Bc5 Bb2 68. Be3 Ke5 69. Bh6 Ke6 70. Bf4 Kf6 71. Kc4 Ke6 72. Kb3
Kd7 73. Kc4 Ke6 74. Bg3 Ba1 75. Kb3 Bb2 76. Bf4 Kd7 77. Bd2 Ke6 78. Bb4 Bd4 79.
Kxa3 Ke5 80. Ka4 Kxe4 81. Kb5 Kd5 82. a4 Be3 83. a5 Bd4 84. a6 Ba7 85. Ba5 Kd6
86. Bb6 Bb8 87. Bf2 Kc7 88. Bg3+ (88. Bg1 Kd7 89. Kb6 Kc8 90. Kc6 Kd8 91. Kb7 {
e vince}) 88... Kc8 89. Kc6 Ba7 1/2-1/2